书目信息 |
| 书名: | Introduction to mechatronics and measurement systems | |
| 作者: | Michael B. Histand, David G. Alciatore | |
| 分册号: | ||
| 分册名: | 出版地: | Boston : |
|
| 出版社: | WCB/McGraw-Hill | |
| 出版时间: | c1999. | |
| 页数: | xxvi, 400 p. : | |
| 开本: | 24 cm. | |
| 丛书名: | McGraw-Hill series in mechanical engineering | |
| 中图分类号: | ||
| 科图分类号: | ||
| 其他分类号: | O4 | |
| 主题词: | ||
| 电子资源: | ||
| 000 | 01196nam 2200325 a 4500 | |
| 001 | E0730288556 | |
| 003 | OCoLC | |
| 005 | 20070506082739.89 | |
| 008 | 001 0 eng | |
| 008 | uu | |
| 010 | @a98006438 | |
| 020 | @a007029089X. | |
| 040 | @aDLC @cDLC | |
| 049 | @aN5LA | |
| 050 | 00 | @aTJ163.12 @b.H57 1999 |
| 082 | 00 | @a621 @221 |
| 090 | @a2-2000/TH-39/H673//////1264929 | |
| 090 | @aO4 | |
| 096 | @aTH-39 @v4 | |
| 099 | @dO4@ex41 | |
| 100 | 1 | @aHistand, Michael B. |
| 245 | 10 | @aIntroduction to mechatronics and measurement systems / @cMichael B. Histand, David G. Alciatore |
| 260 | @aBoston :@bWCB/McGraw-Hill,@cc1999. | |
| 300 | @axxvi, 400 p. :@bill. ;@c24 cm. | |
| 440 | 0 | @aMcGraw-Hill series in mechanical engineering |
| 504 | @aIncludes bibliographical references and index. | |
| 650 | 0 | @aMeasuring instruments. |
| 650 | 0 | @aMechatronics. |
| 700 | 1 | @aAlciatore, David G. @ejt. auth. @b00 @c20020930 @lNLC09 @h2254 @b00 @c20021020 @lNLC09 @h1032 @b00 @c20021028 @lNLC09 @h0833 @lNLC09 @h0033 @lNLC09 @h2030 @b00 @c20030110 @lNLC09 @h1435 @b00 @c20030113 @lNLC09 @h2048 @b00 @c20030311 @lNLC09 @h0046 |
| 852 | 9 | @bWWJC @cJ09 @k2-2000 @hTH-39 @iH673 |
| Introduction to mechatronics and measurement systems / / Michael B. Histand, David G. Alciatore.-Boston : : WCB/McGraw-Hill, , c1999. |
| xxvi, 400 p. : : ill. ; ; 24 cm.- (McGraw-Hill series in mechanical engineering ) |
| Includes bibliographical references and index. |
| ISBN 007029089X. |
| ● |
| 相关链接 |
|
|
|
|
正题名:Introduction to mechatronics and measurement systems
索取号:O4/x41
 
预约/预借
| 序号 | 登录号 | 条形码 | 馆藏地/架位号 | 状态 | 备注 |
| 1 | 006688 | 300066880 | 第二样本阅览室/ [索取号:O4/x41] | 在馆 | |
| 2 | 006689 | 300066899 | 第四借阅区/ [索取号:O4/x41] | 在馆 |